Decision making for business : (Record no. 4137)
[ view plain ]
| 000 -LEADER | |
|---|---|
| fixed length control field | 02843nac a22002531u 4500 |
| 010 ## - LIBRARY OF CONGRESS CONTROL NUMBER | |
| LC control number | 2002277541 |
| 020 ## - INTERNATIONAL STANDARD BOOK NUMBER | |
| International Standard Book Number | 0761974105 |
| 020 ## - INTERNATIONAL STANDARD BOOK NUMBER | |
| International Standard Book Number | 0761974113 (PBK.) |
| 035 ## - SYSTEM CONTROL NUMBER | |
| System control number | (OCoLC)ocm48417780 |
| 082 ## - DEWEY DECIMAL CLASSIFICATION NUMBER | |
| Classification number | 658.403 |
| Item number | S1597 |
| 090 ## - LOCALLY ASSIGNED LC-TYPE CALL NUMBER (OCLC); LOCAL CALL NUMBER (OCLC) | |
| -- | 4137 |
| -- | 4137 |
| 100 ## - MAIN ENTRY--PERSONAL NAME | |
| Personal name | Salaman, Graeme |
| 245 00 - TITLE STATEMENT | |
| Title | Decision making for business : |
| Remainder of title | a reader / |
| Statement of responsibility, etc | edited by Graeme Salaman. |
| 260 ## - PUBLICATION, DISTRIBUTION, ETC. (IMPRINT) | |
| Place of publication, distribution, etc | London : |
| Name of publisher, distributor, etc | SAGE, |
| Date of publication, distribution, etc | 2002 |
| 300 ## - PHYSICAL DESCRIPTION | |
| Extent | xi, 278 p. ; |
| Dimensions | 25 cm. |
| 500 ## - GENERAL NOTE | |
| General note | Includes bibliographical references and index. |
| 505 8# - FORMATTED CONTENTS NOTE | |
| Formatted contents note | Machine generated contents note: I -- I -- CHAPTER 1 -- A Perfect Failure: The Bay of Pigs -- Irving L. Janis -- CHAPTER 2 -- Anatomy of a Fatal Business Strategy -- Erhard K. Valentin -- CHAPTER 3 -- A Summary of Basic Concepts in the Behavioral Theory of the Firm -- Richard M. Cyert andJames G. March -- CHAPTER 4 -- Decision-making in Organizations -- Susan J. Miller, DavidJ. Hickson and David C. Wilson -- SECTION 2 Understanding Decision-making: -- Understanding Organizations -- CHAPTER 5 -- Decision-making as a Political Process -- Andrew M. Pettigrew -- CHAPTER 6 -- The Irrationality of Action and Action Rationality: Decisions, -- Ideologies and Organizational Actions -- Nils Brunsson -- CHAPTER 7 -- The Hospital and its Negotiated Order -- A. Strauss, L. Schatzman, D. Ehrlich, R. Bucher and M. Sabshin -- CHAPTER 8 -- The Practicalities of Rule Use -- Don Zimmerman -- SECTION 3 Thinking in Organizations -- CHAPTER 9 -- Strategic Management in an Enacted World -- Linda Smircich and Charles Stubbart -- CHAPTER 10 -- The Role of Managerial Learning and Interpretation in Strategic -- Persistence and Reorientation: An Empirical Exploration -- Theresa K. Lant, FrancesJ. Milliken, and Bipin Batra -- CHAPTER 11 -- The Cognitive Perspective on Strategic Decision-making -- Charles R. Schwenk -- CHAPTER 12 -- The Impact of Organizational Culture on Approaches to -- Organizational Problem-solving -- Paul Bate -- SECTION 4 The Societal Context of Organizational -- Decision-making -- CHAPTER 1 3 -- Organizational Forms: Can we Choose them? -- Nils Brunsson andJohan P Olsen -- CHAPTER 14 -- The Cult(ure) of the Customer -- Paul du Gay and Graeme Salaman -- CHAPTER 1 5 -- Managerialism and Social Welfare -- Janet Newman -- CHAPTER 16 -- From Decision to Action in Organizations: Decision-making as a -- Social Representation -- Herve Laroche -- Index. |
| 650 #0 - SUBJECT ADDED ENTRY--TOPICAL TERM | |
| Topical term or geographic name as entry element | Decision making. |
| 700 1# - ADDED ENTRY--PERSONAL NAME | |
| Personal name | Salaman, Graeme. |
| 856 4# - ELECTRONIC LOCATION AND ACCESS | |
| Materials specified | Table of Contents only |
| Uniform Resource Identifier | <a href="http://www.loc.gov/catdir/toc/fy02/2002277541.html">http://www.loc.gov/catdir/toc/fy02/2002277541.html</a> |
| 856 4# - ELECTRONIC LOCATION AND ACCESS | |
| Materials specified | Publisher description |
| Uniform Resource Identifier | <a href="http://www.loc.gov/catdir/enhancements/fy0657/2002277541-d.html">http://www.loc.gov/catdir/enhancements/fy0657/2002277541-d.html</a> |
| 942 ## - ADDED ENTRY ELEMENTS (KOHA) | |
| Item type | Book - Borrowing |
| Call number prefix | 658.403 S15971 |
| Withdrawn status | Item status | Damaged status | Not for loan | Home library | Current library | Shelving location | Date acquired | Source of acquisition | Total Checkouts | Total Renewals | Full call number | Barcode | Date last seen | Date last borrowed | Koha item type |
|---|---|---|---|---|---|---|---|---|---|---|---|---|---|---|---|
| Central Library | Central Library | First floor | 22/08/2007 | Purchase | 9 | 18 | 658.403 SAL | 000000248 | 15/07/2025 | 26/10/2019 | Book - Borrowing |